00253 a2200097 450000500170000002000220001710000080003924500490004726000250009630000340012120250624053925.0 a978-1-84710-367-3 aCAT aPlanning, Control and Performance Management aLondonbKAPLANc2007 axiv, 232p.: ill; Chatc29.1cm